000 00455nam a2200193Ia 4500
003 GCL
008 140319s9999 xx 000 0 eng d
040 _aGCL /
_cGCL
082 0 4 _a782.1
_bH G
100 1 _aHARWOOD, JERENY
245 1 0 _aGREAT OPERA STORIES /
_cHARWOOD, JERENY
260 _a[S.N] :
_bTHE APPLE PRESS ،
_c1993
300 _a128 PP
650 0 4 _aOPERA
650 0 4 _aARTS
650 0 4 _aTHEATER
650 0 4 _aMUSIC
942 _2ddc
_cBK
999 _c19091
_d19091